Andorra A-Z - Statistiken

Allgemein
  • Dieses Quiz wurde 54 mal gespielt
  • Das Durchschnittsergebnis liegt bei 11 aus 26
Antwortstatistiken
# Hinweis Antwort % Korrekt
S Nachbarland Spanien
100%
F Nachbarland Frankreich
98%
V Hauptstadt Andorra la {Vella}
93%
K Amtssprache Katalanisch
93%
B In dieser europäischen Hauptstadt hat Andorra eine seiner wenigen Auslandsvertretungen Brüssel
88%
D Dieser europäische Staat hat zwar keine Auslandsvertretung in Andorra, allerdings ist das Generalkonsulat in Barcelona für die konsularische Betreuung Andorras zuständig Deutschland
88%
P Andorra liegt in dieser Gebirgskette Pyrenäen
88%
I "Und" in der Landessprache I
78%
N Nach mehreren Jahren unter nur einem Kofürsten übernahm 1806 dieser französische Herrscher wieder das Amt des Kofürsten Napoleon Bonaparte
63%
H Dieser karthagische Feldherr überquerte 218 v. Chr. die Pyrenäen und Alpen Der griechische Historiker Polybios erwähnte in diesem Zusammenhang die Andosiner Möglicherweise die erste Erwähnung Andorras {Hannibal} Barkas
59%
M Einer der KofürstenName Emmanuel Macron
39%
R 90% der Andorraner sind Mitglied dieser christlichen Kirche {Römisch-katholische} Kirche
39%
O Angrenzende Region in #F Okzitanien
29%
Q Andorra war Teil der Spanischen Mark (Marca Hispanica) Die Eroberung der Spanischen Mark durch Karl den Großen (siehe #E) war Beginn dieser sieben Jahrhunderte dauernden Rückeroberung der Iberischen Halbinsel Enthält ein Q Reconquista
27%
W Von der Völkerwanderungszeit bis zur Eroberung durch die Mauren war Andorra Teil dieses Reiches {Westgoten}reich
17%
G Parlament Consell {General} de les Valls |{General}rat
15%
U Einer der KofürstenTitel Bischof von {Urgell}
12%
E Nationalhymne "Der große Karl der Große" "{El Gran} Carlemany"
12%
C Höchster Berg2944m Comapedrosa
10%
X Einer der ursprünglichen Kofürsten (Titel) Endet auf ein X Graf von {Foix}
10%
T Andorra war vmtl. Teil dieser römischen Provinz Hispania {Tarraconensis}
10%
L Gemeinde und Kleinstadt in Süd-Andorra Sant Julià de {Lòria}
10%
A Fluss und Dorf in West-Andorra Arinsal
5%
Y DIeser russische Adlige ließ sich 1934 zu König Boris I. von Andorra ausrufen Das Parlament hatte mit 23:1 Stimmen dafür gestimmt Zwei Wochen später wurde er von vier spanischen Polizisten verhaftet Enthält ein Y Boris Skossyrew
5%
J Schutzheilige Andorras {Jungfrau} von Meritxell
5%
Z Regierungschef Xavier Espot Zamora
5%
Keine übereinstimmenden Quizze gefunden
Verteilung der Resultate
Anzahl Personen mit jedem Resultat
Perzentil nach korrekt beantworteten Fragen
Ihre Resultats-Entwicklung
Sie haben dieses Quiz noch nicht gespielt